<?xml version="1.0" encoding="UTF-8"?>
<record
    xmlns:xsi="http://www.w3.org/2001/XMLSchema-instance"
    xsi:schemaLocation="http://www.loc.gov/MARC21/slim http://www.loc.gov/standards/marcxml/schema/MARC21slim.xsd"
    xmlns="http://www.loc.gov/MARC21/slim">

  <leader>03631nab a2200337 i 4500</leader>
  <controlfield tag="003">BR-BrBNA</controlfield>
  <controlfield tag="005">20260326125033.0</controlfield>
  <controlfield tag="008">260326b2019    bl.qr|pooa||| 00| 0 eng |</controlfield>
  <datafield tag="040" ind1=" " ind2=" ">
    <subfield code="a">BR-BrBNA</subfield>
    <subfield code="b">eng</subfield>
  </datafield>
  <datafield tag="072" ind1=" " ind2=" ">
    <subfield code="a">H10</subfield>
    <subfield code="b">0150</subfield>
  </datafield>
  <datafield tag="072" ind1=" " ind2=" ">
    <subfield code="a">H01</subfield>
  </datafield>
  <datafield tag="100" ind1=" " ind2=" ">
    <subfield code="a">Pasini, Mauricio Paulo Batistela </subfield>
  </datafield>
  <datafield tag="100" ind1=" " ind2=" ">
    <subfield code="a">L&#xFA;cio, Alessandro Dal&#x2019;Col </subfield>
  </datafield>
  <datafield tag="100" ind1=" " ind2=" ">
    <subfield code="a">Cargnelutti Filho,  Alberto </subfield>
  </datafield>
  <datafield tag="100" ind1=" " ind2=" ">
    <subfield code="a">Ribeiro, Ana Lucia de Paula </subfield>
  </datafield>
  <datafield tag="100" ind1=" " ind2=" ">
    <subfield code="a">Bortolotto, Rafael Pivotto </subfield>
  </datafield>
  <datafield tag="100" ind1=" " ind2=" ">
    <subfield code="a">Zamberlan, Jo&#xE3;o Fernando </subfield>
  </datafield>
  <datafield tag="245" ind1=" " ind2=" ">
    <subfield code="a">Interpolators in predicting the estimated population density of Oebalus spp</subfield>
  </datafield>
  <datafield tag="500" ind1=" " ind2=" ">
    <subfield code="a">

Publica&#xE7;&#xE3;o online; 26 ref.; 6 tables; 2 illus.; Summaries (En, Pt)</subfield>
  </datafield>
  <datafield tag="520" ind1=" " ind2=" ">
    <subfield code="a">


ABSTRACT:    The objective of this study was to compare interpolation methods of ordinary kriging and inverse distance weighted applied to the spatial distribution of Oebalus poecilus and Oebalus ypsinolgriseus population densities in irrigated rice. In two crops, it was generated a grid of 30 x 30 m sampling, termed Area 1 and Area 2 with 39 and 192 sampling units (1 m2, corresponding to 200 rice plants), respectively. Seven evaluations were carried out from sowing to harvesting. In these areas, O. poecilus and O. ypsilongriseus adults were quantified and the sum of each species was used for analysis. Values were submitted to the ordinary kriging interpolation and inverse distance weighted for different semivariogram models, in which the cross-validation technique was used for defining the best interpolator. The ordinary kriging interpolation method showed a better performance than the method of inverse distance weighted applied in the spatial distribution of population density of O. poecilus in rice cultivation. O. ypsilongriseus could not generate estimates for comparison.  



Key words:      dispersion; kriging; Oryza sativa; spatial distribution. </subfield>
  </datafield>
  <datafield tag="520" ind1=" " ind2=" ">
    <subfield code="a">


RESUMO:   O objetivo do estudo foi comparar m&#xE9;todos de interpola&#xE7;&#xE3;o de krigagem ordin&#xE1;ria e inverso da dist&#xE2;ncia ponderada aplicada &#xE0; distribui&#xE7;&#xE3;o espacial da densidade populacional de Oebalus  poecilus  e  Oebalus  ypsilongriseus em arroz irrigado. Em duas safras foi gerada uma grade de 30 x 30 m de amostragem, denominada &#xC1;rea 1 e &#xC1;rea 2 com 39 e 192 unidades amostrais (1 m2, correspondentes a 200 plantas de arroz), respectivamente. Da semeadura at&#xE9; a colheita foram realizadas sete avalia&#xE7;&#xF5;es. Nessas &#xE1;reas, os adultos de O. poecilus e O. ypsilongriseus foram quantificados e a soma de cada esp&#xE9;cie foi utilizada para an&#xE1;lise. Os valores foram submetidos &#xE0; krigagem ordin&#xE1;ria e dist&#xE2;ncia inversa ponderada para diferentes modelos de semivariogramas, sendo utilizada a t&#xE9;cnica de valida&#xE7;&#xE3;o cruzada para definir o melhor interpolador. O m&#xE9;todo de krigagem ordin&#xE1;ria apresentou melhor desempenho do que o m&#xE9;todo de dist&#xE2;ncia inversa ponderada aplicada na distribui&#xE7;&#xE3;o espacial da densidade populacional de O. poecilus no cultivo de arroz. O. ypsilongriseus n&#xE3;o p&#xF4;de gerar estimativas para compara&#xE7;&#xE3;o. 



Palavras-chave:      dispers&#xE3;o; krigagem; Oryza sativa; distribui&#xE7;&#xE3;o espacial</subfield>
  </datafield>
  <datafield tag="650" ind1=" " ind2=" ">
    <subfield code="a">ARROZ IRRIGADO</subfield>
  </datafield>
  <datafield tag="650" ind1=" " ind2=" ">
    <subfield code="a">PRAGA DE PLANTA</subfield>
  </datafield>
  <datafield tag="650" ind1=" " ind2=" ">
    <subfield code="a">PERCEVEJO</subfield>
  </datafield>
  <datafield tag="650" ind1=" " ind2=" ">
    <subfield code="a">AMOSTRAGEM</subfield>
  </datafield>
  <datafield tag="650" ind1=" " ind2=" ">
    <subfield code="a">DEFESA VEGETAL</subfield>
  </datafield>
  <datafield tag="773" ind1="0" ind2=" ">
    <subfield code="0">4656</subfield>
    <subfield code="9">361256</subfield>
    <subfield code="d">Recife-PE Universidade Federal Rural de Pernambuco 2006</subfield>
    <subfield code="o">2026-1180</subfield>
    <subfield code="t">Revista Brasileira de Ci&#xEA;ncias Agr&#xE1;rias (Brazil)</subfield>
    <subfield code="x">1981-1160</subfield>
    <subfield code="g">v. 14(1) p. 1-10; (2019)</subfield>
    <subfield code="w">BR2026000038</subfield>
  </datafield>
  <datafield tag="856" ind1=" " ind2=" ">
    <subfield code="u">http://www.agraria.pro.br/ojs32/index.php/RBCA/article/view/v14i1a5621/259</subfield>
  </datafield>
  <datafield tag="942" ind1=" " ind2=" ">
    <subfield code="c">ANA</subfield>
  </datafield>
  <datafield tag="999" ind1=" " ind2=" ">
    <subfield code="c">341064</subfield>
    <subfield code="d">341064</subfield>
  </datafield>
</record>
